Cerebral mechanisms in behavior : the Hixon Symposium /

Guardado en:
Autor Corporativo: California Institute of Technology. Hixon Fund.
Otros Autores: Jeffress, Lloyd A. (Editor )
Formato: Libro
Idioma:English
Publicado: New York : Wiley, c1951.
Etiquetas: Agregar Etiqueta
Sin Etiquetas, Sea el primero en etiquetar este registro!
LEADER 01321nam a22002055a 4500
001 MAT.inmabb000523
008 031117s1951####nyu######b####101#0#eng#d
005 20130225120603.0
245 0 0 |a Cerebral mechanisms in behavior :  |b the Hixon Symposium /  |c edited by Lloyd A. Jeffress. 
260 |a New York :  |b Wiley,  |c c1951. 
300 |a xiv, 311 p. ;  |c cm. 
500 |a "Report of a symposium held at the California Institute of Technology in September, 1948 [...] under the auspices of the Hixon Fund Committee." 
504 |a Incluye referencias bibliográficas. 
505 0 |a The general and logical theory of automata, by J. von Neumann -- Why the mind is in the head, by W. S. McCulloch -- The problem of serial order in behavior, by K. S. Lashley -- Functional differences between the occipital and temporal lobes with special reference to the interrelations of behavior and extracerebral mechanisms, by H. Klüver -- Relational determination in perception, by W. Köhler -- Brain and intelligence, by W. C. Halstead -- The symposium from the viewpoint of a clinician, by H. W. Brosin. 
700 1 |a Jeffress, Lloyd A.  |4 edt 
710 2 |a California Institute of Technology.  |b Hixon Fund. 
246 3 0 |a Hixon symposium. 
084 |a 92C20 (92-06 68T05)  |2 msc2000 
010 |a  52006319  
859 |h 92  |i C414  |p A-302  |b BIB. MATEMATICA